| 000 | 00794nam a2200229Ia 4500 | ||
|---|---|---|---|
| 003 | GCL | ||
| 008 | 140319s9999 xx 000 0 ara d | ||
| 020 | _a0\136\337\977 | ||
| 040 |
_aGCL / _cGCL |
||
| 082 | 0 | 4 |
_a658.3124 _bع ت |
| 100 | 1 | _aعبدالرحمن توفيق | |
| 245 | 1 | 0 |
_aالتدريب المباشر لقيادة اكثر سموا / _cعبدالرحمن توفيق |
| 260 |
_aالقاهرة : _bمركز الخبرات المهنية للادارة بميك ، _c2003 |
||
| 300 |
_a220 ص ؛ _c24 سم |
||
| 490 |
_aسلسلة اصدارات بميك _v50 |
||
| 650 | 0 | 4 | _aالتخطيط |
| 650 | 0 | 4 | _aالرؤساء والمديرون |
| 650 | 0 | 4 | _aالتدريب |
| 650 | 0 | 4 | _aمعايير الانتاج |
| 650 | 0 | 4 | _aالمدربون - ادارة |
| 942 |
_2ddc _cBK |
||
| 999 |
_c5430 _d5430 |
||